| 000 | 00925nam a2200277Ia 4500 | ||
|---|---|---|---|
| 003 | OSt | ||
| 005 | 20220927105835.0 | ||
| 006 | a|||||r|||| 00| 0 | ||
| 007 | ta | ||
| 008 | 220926b |||||||| |||| 00| 0 eng d | ||
| 024 | _a27737 | ||
| 037 | _cReference Collections | ||
| 040 |
_aRTL _cRTL _beng |
||
| 041 |
_2eng _aeng |
||
| 082 | _a"X:54.20k571.N57t, J7" | ||
| 100 |
_aSahgal K. C. _9375410 |
||
| 110 |
_a"India, Government of ..... Commerce and Industry (Ministry of ...)" _9375411 |
||
| 245 | 0 | _aReport on economic and commercial conditions in Sw | |
| 260 |
_aNew _bDelhi Manager of Publications India _c1957 |
||
| 300 |
_a33p. _ccm. |
||
| 650 | _a Economics | ||
| 650 | _aInternational Trade | ||
| 700 |
_a"India, Government of ..... Commerce and Industry (Ministry of ...)" _9375412 |
||
| 942 |
_h"X:54.20k571.N57t, J7" _cCC |
||
| 999 |
_c694959 _d694959 |
||